Apuntes para la historia de D. Leopoldo O'Donnell / (Record no. 151412)

MARC details
000 -LEADER
campo de control de longitud fija 00882nam a22001935i 4500
001 - NÚMERO DE CONTROL
campo de control 151412
003 - IDENTIFICADOR DE NÚMERO DE CONTROL
campo de control ES-MaACL
005 - FECHA Y HORA DE LA ÚLTIMA TRANSACCIÓN
campo de control 20251011063140.0
008 - DATOS DE LONGITUD FIJA--INFORMACIÓN GENERAL
campo de control de longitud fija 990708s1868 sp f |||| |bspa d
040 ## - FUENTE DE CATALOGACIÓN
Centro catalogador/agencia de origen M-RABA
Lengua de catalogación spa
Centro/agencia transcriptor M-RABA
Centro/agencia modificador CCPB | B
100 1# - ENTRADA PRINCIPAL--NOMBRE DE PERSONA
Nombre de persona Alfaro, Manuel Ibo,
Fechas asociadas al nombre 1828-1885
9 (RLIN) 171622
245 10 - MENCIÓN DEL TÍTULO
Título Apuntes para la historia de D. Leopoldo O'Donnell /
Mención de responsabilidad, etc. por Manuel Ibo Alfaro.
260 ## - PUBLICACIÓN, DISTRIBUCIÓN, ETC.
Lugar de publicación, distribución, etc. Madrid :
Nombre del editor, distribuidor, etc. [s.n.],
Fecha de publicación, distribución, etc. 1868 (
Fabricante Imprenta del Indicador de los Caminos de Hierro)
300 ## - DESCRIPCIÓN FÍSICA
Extensión 986 p., [15] h. de grab. ;
Dimensiones 24 cm.
599 ## - NOTA A LAS ILUSTRACIONES
NOTA A LAS ILUSTRACIONES Las h. de grab. son retr., lugares y cosas relacionadas con O'Donnell.
600 17 - PUNTO DE ACCESO ADICIONAL DE MATERIA--NOMBRE DE PERSONA
Nombre de persona O'Donnell y Jorris, Leopoldo,
Fechas asociadas al nombre 1809-1867-
Subdivisión de forma Biografías
Fuente del encabezamiento o término
9 (RLIN) 130575
852 ## - LOCALIZACIÓN
Ubicación ES-MaACL
Número de control de estantería G-4195
Nota libre -- Enc. hol.
-- .- Dedicatoria manuscrita: "Al sr. d. Alvaro Queipo y Llanos como testimonio de amistad, el autor"
Holdings
Estatus retirado Estado de pérdida Estado de daño No para préstamo Colección Biblioteca de origen Biblioteca actual Ubicación en estantería Fecha de adquisición Fuente de adquisición Total de préstamos Signatura topográfica completa Código de barras Visto por última vez Precio de reemplazo Tipo de ítem Koha
        Libros del s. XIX Biblioteca del Ateneo de Madrid Biblioteca del Ateneo de Madrid Depósito 2 17/01/2008     G-4195 1157977 23/02/2023 23/02/2023 Libro impreso antiguo